O enigma da gruta (Registo nº 2253)

Detalhes MARC
000 -Etiqueta do registo
Cabeçalho 00711nam a22002531 4500
005 - Identificador da versão
Campo de controlo 20240827115147.0
021 ## - Número do Depósito Legal
Código do país PT
Número 28483/89
100 ## - Dados gerais de processamento
Dados gerais de processamento 19910716d1989 a y0pory5003 ba
101 0# - Língua de publicação
Língua do texto, banda sonora, etc. Português
102 ## - Pais de publicação ou produção
País de publicação Portugal
105 ## - Campo de dados codificados: livros
Dados codificados dos livros a z 001ay
106 ## - Campo de dados codificados: material textual
Dados codificados do material textual r
200 1# - Titulo e menção de responsabilidade
Título próprio O enigma da gruta
Primeira menção de responsabilidade José Lança-Coelho
Outras menções de responsabilidade il. João Calçado
205 ## - Menção da edição
Menção da edição 2ª ed
210 ## - Publicação, Distribuição, etc. 
Lugar da edição, distribuição, etc. Lisboa
Nome do editor, distribuidor, etc. Vega
Data da publicação, distribuição, etc. D.L. 1989
215 ## - Descrição física 
Indicação específica da natureza do documento e extensão da espécie 211 p.
Outras indicações físicas il.
Dimensões 18 cm
225 2# - Colecção 
Título próprio da colecção O fio da meada
Indicação de volume 1
606 ## - Nome comum usado como assunto
Número de registo de entrada de autoridade 0001020
Palavra de ordem Literatura portuguesa infanto-juvenil
Subdivisão de assunto Romance de aventuras
675 ## - Classificação Decimal Universal (CDU)
Notação 821.134.3-311.3
Edição
Língua da edição por
700 #1 - Nome de autor-pessoa física (responsabilidade principal)
Número de registo de entrada de autoridade 0001082
Palavra de ordem Coelho
Outra parte do nome não tomada para palavra de ordem José Lança
702 #1 - Nome de autor-pessoa física (responsabilidade secundária)
Número de registo de entrada de autoridade 0001083
Palavra de ordem Calçado
Outra parte do nome não tomada para palavra de ordem João M.
Código de função Ilustrador / Técnico de desenho computorizado
942 ## - Elementos de entrada adicionados (Koha)
Tipo de item no Koha Livro
Exemplares
Situação do levantamento Origin of item (home branch) (coded) Biblioteca de empréstimo Código de barras Cota Circulation type (not for loan) Tipo de documento Nota do exemplar Damaged status
  Biblioteca Escolar da Coca Maravilhas Biblioteca Escolar da Coca Maravilhas BECM917/91 8POR COE   Livro Sem mensagem